Historia general de las antiguas colonias hispano-americanas (Record no. 157905)
[ view plain ]
| 000 -LEADER | |
|---|---|
| campo de control de longitud fija | 00901nam a2200205 i 4500 |
| 001 - NÚMERO DE CONTROL | |
| campo de control | 157905 |
| 003 - IDENTIFICADOR DE NÚMERO DE CONTROL | |
| campo de control | ES-MaACL |
| 005 - FECHA Y HORA DE LA ÚLTIMA TRANSACCIÓN | |
| campo de control | 20231226151431.0 |
| 008 - DATOS DE LONGITUD FIJA--INFORMACIÓN GENERAL | |
| campo de control de longitud fija | 990222s1875 sp |||| | spa d |
| 100 1# - ENTRADA PRINCIPAL--NOMBRE DE PERSONA | |
| Nombre de persona | Lobo, Miguel, |
| Fechas asociadas al nombre | 1821-1876 |
| 9 (RLIN) | 157683 |
| 245 10 - MENCIÓN DEL TÍTULO | |
| Título | Historia general de las antiguas colonias hispano-americanas |
| Resto del título | : desde su descubrimiento hasta el año mil ochocientos ocho / |
| Mención de responsabilidad, etc. | por Miguel Lobo. |
| 260 ## - PUBLICACIÓN, DISTRIBUCIÓN, ETC. | |
| Lugar de publicación, distribución, etc. | Madrid : |
| Nombre del editor, distribuidor, etc. | Imp. y Librería de Miguel Guijarro, |
| Fecha de publicación, distribución, etc. | 1875. |
| 300 ## - DESCRIPCIÓN FÍSICA | |
| Extensión | 3 v. ([4], 491; [4], 438, [1]; [4], 469, [1] p.) ; |
| Dimensiones | 26 cm. |
| 530 ## - NOTA DISPONIBLE DE FORMULARIO FÍSICO ADICIONAL | |
| Nota de formato físico adicional disponible | Disponible en formato digital. |
| 651 #4 - PUNTO DE ACCESO ADICIONAL DE MATERIA--NOMBRE GEOGRÁFICO | |
| Nombre geográfico | América española- |
| Subdivisión general | Historia. |
| 9 (RLIN) | 7723 |
| 752 ## - ENTRADA AGREGADA--NOMBRE JERÁRQUICO DEL LUGAR | |
| País o entidad superior | España - |
| Ciudad | Madrid |
| 852 ## - LOCALIZACIÓN | |
| Ubicación | ES-MaACL |
| Número de control de estantería | C-881-83 |
| Nota libre | - Enc. hol. |
| 856 ## - LOCALIZACIÓN Y ACCESO ELECTRÓNICOS | |
| Identificador Uniforme de Recursos | <a href="http://bvrajyl.rajyl.es/i18n/consulta/registro.cmd?id=8159 ">http://bvrajyl.rajyl.es/i18n/consulta/registro.cmd?id=8159 </a> |
| Nota pública | Biblioteca Virtual de la Real Academia de Jurisprudencia y Legislación |
| Estatus retirado | Estado de pérdida | Estado de daño | No para préstamo | Colección | Biblioteca de origen | Biblioteca actual | Ubicación en estantería | Fecha de adquisición | Total de préstamos | Signatura topográfica completa | Código de barras | Visto por última vez | Precio de reemplazo | Tipo de ítem Koha |
|---|---|---|---|---|---|---|---|---|---|---|---|---|---|---|
| Colección digital | Biblioteca del Ateneo de Madrid | Biblioteca del Ateneo de Madrid | Sala Palomar | 17/01/2008 | C-881-83 | 1165257 | 23/02/2023 | 23/02/2023 | Libro impreso antiguo |
